Microeconomics : (Record no. 145850)

MARC details
000 -LEADER
fixed length control field 00806nam a22002417a 4500
005 - DATE AND TIME OF LATEST TRANSACTION
control field 20180123122149.0
010 ## - LCCN (DPL NO)
LC control number 1718EN-30 ENG-121458
020 ## - INTERNATIONAL STANDARD BOOK NUMBER
International Standard Book Number 9789325986701
Terms of availability 425.00
035 ## - SYSTEM CONTROL NUMBER
System control number EN-104990
035 ## - SYSTEM CONTROL NUMBER
System control number B-686383-385
037 ## - SOURCE OF ACQUISITION
Source of stock number/acquisition Asian
Stock number dpl
037 ## - SOURCE OF ACQUISITION
Source of stock number/acquisition DBAD/PUB
082 ## - DEWEY DECIMAL CLASSIFICATION NUMBER
Classification number 338.5
100 ## - MAIN ENTRY--PERSONAL NAME
Personal name Dwivedi, D N
245 ## - TITLE STATEMENT
Title Microeconomics :
Statement of responsibility, etc by D.N.Dwivedi
Remainder of title theory and applications /
250 ## - EDITION STATEMENT
Edition statement 3rd ed
260 ## - PUBLICATION, DISTRIBUTION, ETC. (IMPRINT)
Place of publication, distribution, etc Noida
Name of publisher, distributor, etc Vikas Publishing House
Date of publication, distribution, etc 2016
270 ## - ADDRESS
Address E-28,Sector-8
City Noida(UP)
Postal code 201301
300 ## - PHYSICAL DESCRIPTION
Extent xvi,651p.
Dimensions 24cm(pbk)
500 ## - GENERAL NOTE
General note includes index
942 ## - ADDED ENTRY ELEMENTS (KOHA)
Source of classification or shelving scheme Dewey Decimal Classification
Item type English Books
Call number suffix DWI
Classification part 338.5
Holdings
Withdrawn status Lost status Not for loan Collection code Home library Current library Date acquired Source of acquisition Cost, normal purchase price Full call number Barcode Copy number Cost, replacement price Koha item type
    Not For Loan Non-fiction D.B.Act.Division Bawana 17/11/2017 DBAD/PUB 425.00 338.5 DWI EN-104990 1 425.00 English Books
      Non-fiction Central Library Central Library 23/01/2018 ABC/5304/5.12.17/BPPD/EN/2017-18/636/20.11.17/6.1.2018 425.00 338.5 DWI B-686383 1 425.00 English Books
      Non-fiction Patel Nagar Patel Nagar 23/01/2018 ABC/5304/5.12.17/BPPD/EN/2017-18/636/20.11.17/6.1.2018 425.00 338.5 DWI B-686384 1 425.00 English Books
      Non-fiction Shahdara Branch Shahdara Branch 23/01/2018 ABC/5304/5.12.17/BPPD/EN/2017-18/636/20.11.17/6.1.2018 425.00 338.5 DWI B-686385 1 425.00 English Books

© Delhi Public Library
Hit Counter
free hit counter